[Event "Reykjavik op"]
[Site "Reykjavik"]
[Date "2024.03.21"]
[Round "9"]
[White "Keenan, Alex"]
[Black "Gulbinski, Michal"]
[Result "1/2-1/2"]
[WhiteElo "1839"]
[BlackElo "1671"]
[PlyCount "69"]
[EventDate "2024.03.15"]
[EventType "swiss"]
[EventRounds "9"]
[EventCountry "ISL"]
[SourceTitle "CB13_2024"]
[SourceDate "2024.03.27"]
[SourceVersion "1"]
[SourceVersionDate "2024.03.27"]
[SourceQuality "1"]

1. Nf3 d5 2. g3 Nf6 3. Bg2 Bf5 4. 0-0 h6 5. c4 c6 6. Qb3 Qb6 7. d3 e6 8. Nc3 Be7 9. Be3 Qxb3 10. axb3 a6 11. cxd5 exd5 12. Nd4 Bh7 13. Nc2 0-0 14. b4 Nbd7 15. Na4 Rfe8 16. Rfe1 Bd6 17. Nc5 Nxc5 18. bxc5 Bc7 19. b4 Bg6 20. Bf3 Rac8 21. Bd4 Nd7 22. Bg4 Rcd8 23. Ne3 Ne5 24. Bf5 Bxf5 25. Nxf5 Kh7 26. f4 g6 27. Bxe5 Bxe5 28. fxe5 gxf5 29. d4 f6 30. exf6 Re4 31. e3 Kg6 32. Kf2 Kxf6 33. Ra3 Rde8 34. Raa1 h5 35. h4 1/2-1/2

[Event "Reykjavik op"]
[Site "Reykjavik"]
[Date "2024.03.18"]
[Round "5"]
[White "Keenan, Alex"]
[Black "Arun, Rahul"]
[Result "0-1"]
[WhiteElo "1839"]
[BlackElo "1693"]
[PlyCount "56"]
[EventDate "2024.03.15"]
[EventType "swiss"]
[EventRounds "9"]
[EventCountry "ISL"]
[SourceTitle "CB13_2024"]
[SourceDate "2024.03.27"]
[SourceVersion "1"]
[SourceVersionDate "2024.03.27"]
[SourceQuality "1"]

1. Nf3 d5 2. g3 Nf6 3. Bg2 e6 4. 0-0 Be7 5. d3 0-0 6. Nbd2 Nbd7 7. e4 Nb6 8. e5 Ne8 9. Qe2 c6 10. h4 h6 11. Nh2 f5 12. exf6 Nxf6 13. Bh3 Qd6 14. Re1 Kh8 15. Bxe6 Bxe6 16. Qxe6 Rae8 17. Qxd6 Bxd6 18. Rxe8 Rxe8 19. Kf1 Nh5 20. Ndf3 Nxg3+ 21. fxg3 Bxg3 22. Bd2 Rf8 23. Re1 Na4 24. b3 Nc5 25. Bxh6 Bxh2 26. Bxg7+ Kxg7 27. Kf2 Bd6 28. Re3 Nd7 0-1

[Event "Reykjavik op"]
[Site "Reykjavik"]
[Date "2024.03.18"]
[Round "6"]
[White "Olafsson, Olafur Orn"]
[Black "Keenan, Alex"]
[Result "0-1"]
[WhiteElo "1542"]
[BlackElo "1839"]
[PlyCount "58"]
[EventDate "2024.03.15"]
[EventType "swiss"]
[EventRounds "9"]
[EventCountry "ISL"]
[SourceTitle "CB13_2024"]
[SourceDate "2024.03.27"]
[SourceVersion "1"]
[SourceVersionDate "2024.03.27"]
[SourceQuality "1"]

1. d4 Nf6 2. c4 g6 3. Nc3 Bg7 4. Nf3 0-0 5. Bg5 h6 6. Bh4 d6 7. e3 Nbd7 8. Bd3 c5 9. 0-0 g5 10. Bg3 cxd4 11. exd4 Re8 12. Re1 Nh5 13. Rc1 Nxg3 14. hxg3 Nf6 15. Ne4 Bg4 16. Nxf6+ Bxf6 17. Bb1 Kg7 18. Qd3 Rh8 19. Qe4 Bxf3 20. gxf3 Qb6 21. b3 Bxd4 22. Re2 Bf6 23. Rd1 Rac8 24. Rd5 a6 25. Red2 Qb4 26. Kg2 b5 27. Rd1 Rc5 28. Rxc5 Qxc5 29. Rd2 Rd8 0-1